000 00725cam a2200157 4500500
005 20260405005047.0
041 _afre
042 _adc
100 1 0 _aRivet de Sabatier, Philippe
_eauthor
245 0 0 _aAurélien Barrau Comment habiter le monde ? Bayard, « Les petites conférences », 2025, 136 pages, 12,90 €.
260 _c2026.
500 _a48
520 _aLouise Nevelson transforme rebuts et fragments en visions monumentales. À Metz, une exposition révèle l’univers onirique et dansant de cette artiste majeure du XXe siècle.
786 0 _nÉtudes | - | 4 | 2026-03-31 | p. 123a-124 | 0014-1941
856 4 1 _uhttps://shs.cairn.info/revue-etudes-2026-4-page-123a?lang=fr&redirect-ssocas=7080
999 _c2080660
_d2080660